Central Library OPAC University of Rajshahi

বাংলাদেশের মুক্তিযুদ্ধের ইতিহাসের উপাত্ত বিশ্লেষণ: (Record no. 76779)

MARC details
000 -LEADER
fixed length control field 01778ntm a2200265 a 4500
001 - CONTROL NUMBER
control field 76779
003 - CONTROL NUMBER IDENTIFIER
rucl marc code BD-RjUL
005 - DATE AND TIME OF LATEST TRANSACTION
control field 20211209082902.0
008 - FIXED-LENGTH DATA ELEMENTS--GENERAL INFORMATION
fixed length control field 200119s2008 bg a|||| bm|| 00| 0 ben d
035 ## - SYSTEM CONTROL NUMBER
System control number (BD-RjUL)77003
040 ## - CATALOGING SOURCE
Original cataloging agency BD-RjUL
Language of cataloging ben/eng
Transcribing agency BD-RjUL
Modifying agency BD-RjUL
041 ## - LANGUAGE CODE
Language code of text/sound track or separate title ben
082 ## - DEWEY DECIMAL CLASSIFICATION NUMBER
Edition number 23
Classification number 954.9205
Author mark and year HOB 2008
100 1# - MAIN ENTRY--PERSONAL NAME
Personal name হোদা, মো. কামরুল
9 (RLIN) 120921
245 10 - TITLE STATEMENT
Title বাংলাদেশের মুক্তিযুদ্ধের ইতিহাসের উপাত্ত বিশ্লেষণ:
Remainder of title বিভিন্ন পেশার লেখকের নির্বাচিত রচনা /
Statement of responsibility, etc. মো. কামরুল হোদা ;
Linkage গবেষণা তত্ত্বাবধায়ক: মো. ফায়েক উজ্জামান
260 ## - PUBLICATION, DISTRIBUTION, ETC. (IMPRINT)
Place of publication, distribution, etc. রাজশাহী :
Name of publisher, distributor, etc. ইসলামের ইতিহাস ও সংস্কৃতি বিভাগ, রাজশাহী বিশ্ববিদ্যালয়,
Date of publication, distribution, etc. ২০০৮
300 ## - PHYSICAL DESCRIPTION
Pagination xi, ২৫৩, [৫] পাতা :
Illustrations চিত্র ;
Size ৩০ সেি.
502 ## - DISSERTATION NOTE
Dissertation note থিসিস (এম. ফিল.) -- ইসলামের ইতিহাস ও সংস্কৃতি বিভাগ, রাজশাহী বিশ্ববিদ্যালয়, ২০০৮
504 ## - BIBLIOGRAPHY, ETC. NOTE
Bibliography, etc গ্রন্থপঞ্জি: পাতা [২১৯]-২৫৩
600 ## - SUBJECT ADDED ENTRY--PERSONAL NAME
Dates associated with a name
651 ## - SUBJECT ADDED ENTRY--GEOGRAPHIC NAME
Geographic name বাংলাদেশ
General subdivision ইতিহাস
-- মুক্তিযুদ্ধ, ১৯৭১
9 (RLIN) 244806
Geographic name Bangladesh
General subdivision History
-- Liberation War, 1971
9 (RLIN) 244807
700 ## - ADDED ENTRY--PERSONAL NAME
Personal name উজ্জামান, মো. ফায়েক, গবেষণা তত্ত্বাবধায়ক
942 ## - ADDED ENTRY ELEMENTS (KOHA)
Source of classification or shelving scheme Dewey Decimal Classification
Koha item type Theses
Holdings
Lost status Source of classification or shelving scheme Damaged status Not for loan Collection code Permanent Location Current Location Shelving location Date acquired Source of acquisition Total Checkouts Full call number Date last seen Copy number Koha item type
  Dewey Decimal Classification   Not For Loan Theses Central Library, University of Rajshahi Central Library, University of Rajshahi Documentation Section 08/06/2010 Controller of Examination Office, R. U.   BTHE 954.9205 HOB 2008 19/01/2020 C-1 Theses